Community health nursing

Αποθηκεύτηκε σε:
Λεπτομέρειες βιβλιογραφικής εγγραφής
Κύριος συγγραφέας: SEKAR, Nimmy
Μορφή: Βιβλίο
Γλώσσα:Αγγλικά
Έκδοση: Book Shores 2019
Ετικέτες: Προσθήκη ετικέτας
Δεν υπάρχουν, Καταχωρήστε ετικέτα πρώτοι!

MARC

LEADER 00000nam a22000007a 4500
008 211021b ||||| |||| 00| 0 eng d
020 |a 9789386807328 
100 |a SEKAR, Nimmy 
245 |a Community health nursing  |c Nimmy Sekar  |g vi, 312p.:ill. 
260 |b Book Shores  |c 2019  |h New Delhi  |i 697058  |i 697059  |l RT98.Se4  |m Community health nursing 
500 |a It includes bibliography and index 
942 |a lcc  |c BK  |e Kuteyi M. A.  |f 21/10/2021 
952 |0 0  |1 0  |2 lcc  |4 0  |6 RT0098 S E4  |7 0  |9 3657  |a HOL  |b HOL  |c QZ  |d 2021-10-21  |l 0  |o RT98.Se4  |p 2021-67393  |r 2021-10-21 00:00:00  |w 2021-10-21  |y BK 
952 |0 0  |1 0  |2 lcc  |4 0  |6 RT0098 S E4  |7 0  |9 3658  |a HOL  |b HE  |c QZ  |d 2021-10-21  |l 0  |o RT98.Se4  |p 2021-67394  |r 2021-10-21 00:00:00  |w 2021-10-21  |y BK 
999 |c 1815  |d 1815